01338nam a22003497 4500001000800000003000900008005001700017007000800034008003400042017000900076020001800085040002500103041000600128080000600134082002800140100002800168245008500196260002800281300001800309490004900327500005400376590002600430650002400456650002600480700003300506910003400539942001200573952013200585952012700717952012700844999001700971 01935 DO-SdBNP20230403131557.0 01935 040419s2010 p li | ||| ||spa  a b  a9789972082955 aBPMSUbspacBPMSUe  h  0a  4a891.863bK118m 20102221 aKafka, Franzd1883-192413aLa metamorfosis y otros relatos /cFranz Kafka ; prólogo Fenando Grados L. h  aLima : bChirre, c2010 a81 p.;c22 cm0 aLas obras de los genios de la literatura v  aIncluye cuestionario de comprensión de lectura  6Inventariado, 2023/VM 4aNovela checoslovaca 4aNovela psicológica.1 aGrados L., Fenandoepról.  aVMateo V. Control de calidad  2ddccBK 00102ddc40708CJ-GaBPMETbBPMETd2016-07-18e oBPMSU CG 891.863 K118m 2010pBPMSU18010085r2016-07-18te.2w2016-07-18yBK 00102ddc40708CJ-GaBPMETbBPMETd2016-07-18e oBPMSU CG 891.863 K118m 2010pBPMSU16070515r2016-07-18w2016-07-18yBK 00102ddc40708CJ-GaBPMETbBPMETd2016-08-01e oBPMSU CG 891.863 K118mpBPMSU23040006r2016-08-01te.3w2016-08-01yBK c10918d10918